Encyclopedia of modern optics, volume 5 / (Record no. 172220)

MARC details
000 -LEADER
fixed length control field 00987nam a22002777a 4500
003 - CONTROL NUMBER IDENTIFIER
control field OSt
005 - DATE AND TIME OF LATEST TRANSACTION
control field 20250822131147.0
008 - FIXED-LENGTH DATA ELEMENTS--GENERAL INFORMATION
fixed length control field 250710b |||||||| |||| 00| 0 eng d
020 ## - INTERNATIONAL STANDARD BOOK NUMBER
International Standard Book Number 9780128092835 (Hardcover)
Terms of availability USD 890.00
024 ## - OTHER STANDARD IDENTIFIER
Standard number or code 9780081025687
Additional codes following the standard number or code Volume 5
040 ## - CATALOGING SOURCE
Original cataloging agency NUST
Language of cataloging eng
Transcribing agency NUST
Modifying agency NUST
Description conventions rda
050 ## - LIBRARY OF CONGRESS CALL NUMBER
Classification number REF QC355.2 ENC
245 ## - TITLE STATEMENT
Title Encyclopedia of modern optics, volume 5 /
Statement of responsibility, etc. edited by Bob D. Guenther and Duncan G. Steel.
250 ## - EDITION STATEMENT
Edition statement Second edition.
260 ## - PUBLICATION, DISTRIBUTION, ETC.
Place of publication, distribution, etc. Amsterdam :
Name of publisher, distributor, etc. Elsevier,
Date of publication, distribution, etc. ©2018.
300 ## - PHYSICAL DESCRIPTION
Extent xiii, 394 pages :
Other physical details Illustrations ;
Dimensions 28 cm.
336 ## - CONTENT TYPE
Source rdacontent
Content type term text
Content type code txt
337 ## - MEDIA TYPE
Source rdamedia
Media type term unmediated
Media type code n
338 ## - CARRIER TYPE
Source rdacarrier
Carrier type term volume
Carrier type code nc
504 ## - BIBLIOGRAPHY, ETC. NOTE
Bibliography, etc. note Includes bibliographical references and index.
650 ## - SUBJECT ADDED ENTRY--TOPICAL TERM
Topical term or geographic name entry element Physics.
650 ## - SUBJECT ADDED ENTRY--TOPICAL TERM
Topical term or geographic name entry element Optics
General subdivision Light.
700 ## - ADDED ENTRY--PERSONAL NAME
Personal name Guenther, Bob D.
Relator term Editor
700 ## - ADDED ENTRY--PERSONAL NAME
Personal name Steel, Duncan G.
Relator term Editor
942 ## - ADDED ENTRY ELEMENTS (KOHA)
Source of classification or shelving scheme Library of Congress Classification
Koha item type Reference Material
Edition Second edition.
Classification part REF QC355.2 ENC
Call number prefix QC
Call number suffix ENC
Suppress in OPAC No
Holdings
Withdrawn status Lost status Source of classification or shelving scheme Damaged status Not for loan Collection Home library Current library Shelving location Date acquired Source of acquisition Cost, normal purchase price Total Checkouts Full call number Barcode Date last seen Accession number Cost, replacement price Price effective from Koha item type Public note
    LCC     NFIC MAIN MAIN REFERENCE 07/10/2025 Book Aid International 890.00   REF QC355.2 ENC 92004057244 07/10/2025 62689 890.00 07/10/2025 BOOKS Donation